Major Volcanoes of the World- clickable Map Quiz - Statistics

General Stats
  • This quiz has been taken 1,151 times
  • The average score is 12 of 25
Answers on the Map
Answers color-coded by a green-red scale on the quiz's map according to % correct below.
 
Answer Stats
Answer % Correct
Mt Fuji
85%
Eyjafjallajökull
84%
Mt Kilimanjaro
82%
Mt Vesuvius
78%
Mauna Loa
76%
Mt Etna
76%
St Helens
74%
Yellowstone Caldera
74%
Mt Ararat
63%
Krakatoa
60%
Santorini
57%
Mt Elbrus
53%
Mt Pinatubo
52%
Popocatépetl
43%
Mt Teide
37%
Mt Pelée
33%
Ojos del Salado
32%
Cotopaxi
30%
Mt Merapi
29%
Arenal Volcano
27%
Erta Ale
18%
Santa Maria / Santiaguito
18%
Mt Katmai
16%
Mt Lamington
16%
Galeras
11%
No matching quizzes found
Score Distribution
Percent of People with Each Score
Percentile by Number Answered
Your Score History
You have not taken this quiz